000 01595nam0a22003011 4500
001 rc\2191504
005 20110829164157.3
035 _a(NLR Aleph) 006692705
090 _a5162259
_c5162259
100 _a20110829d1979 |||y0rusy50 ca
101 0 _arus
102 _aRU
105 _ay z |||||
200 1 _aМетодика определения экономической эффективности автоматизированных систем управления энергосистемами и объединенными энергосистемами
_e№ 8165 тм-т2
_fЦентр. диспетчер. упр. единой энерг. системы СССР, Всесоюз. гос. проект.-изыскат. и НИИ энерг. систем и электр. сетей
_g[Исполн. С.Н. Покровский, Т.К. Уварова, Ю.П. Шелякина и др.]
210 _aМосква
_cБ. и.
_d1979
215 _a101 с.
_d20
606 _aЭнергетические системы
_xУправление
_xАвтоматизация
_xЭкономическая эффективность
_2psbo
702 1 _aУварова
_bТ. К.
_4220
702 1 _aШелякина
_bЮ. П.
_4220
702 1 _aПокровский
_bС. Н.
_4220
712 0 1 _aСССР
_bЦентральное диспетчерское упр. единой энерг. системы
801 0 _aRU
_bNLR
_gpsbo
801 1 _aRU
_bELAR
_2rusmarc
852 _aNLR
_j80-3/7338
899 _aRuMoRGB
_jB 80-41/437
899 _aRuMoRGB
_jB 80-41/438
942 _cBOOK
980 _aNB